US States Nicknames - Statistics

General Stats
  • This quiz has been taken 925 times
  • The average score is 31 of 50
Answer Stats
Nickname US state % Correct
Aloha State Hawaii
98%
Empire State New York
92%
Lone Star State Texas
89%
Mount Rushmore State South Dakota
85%
Bluegrass State Kentucky
83%
Garden State New Jersey
82%
Sunshine State Florida
80%
Peach State Georgia
79%
Buckeye State Ohio
79%
The Grand Canyon State Arizona
77%
Hoosier State Indiana
77%
Cornhusker State Nebraska
77%
The Golden State California
74%
The First State Delaware
72%
Badger State Wisconsin
71%
Beaver State Oregon
70%
Keystone State Pennsylvania
68%
Bay State Massachusetts
67%
Land of Enchantment New Mexico
67%
Hawkeye State Iowa
66%
Magnolia State Mississippi
66%
The Last Frontier Alaska
65%
Silver State Nevada
65%
Constitution State Connecticut
64%
Beehive State Utah
64%
Green Mountain State Vermont
64%
Pelican State Louisiana
63%
Show Me State Missouri
63%
Ocean State Rhode Island
62%
Old Dominion State Virginia
60%
Centennial State Colorado
59%
The Sooner State Oklahoma
59%
Palmetto State South Carolina
59%
North Star State Minnesota
57%
Equality State Wyoming
57%
The Evergreen State Washington
56%
Sunflower State Kansas
55%
The Volunteer State Tennessee
55%
Old Line State Maryland
49%
Pine Tree State Maine
48%
Mountain State West Virginia
48%
The Wolverine State Michigan
46%
The Granite State New Hampshire
46%
Gem of the Mountains Idaho
45%
Prairie State Illinois
41%
The Natural State Arkansas
40%
Peace Garden State North Dakota
37%
Yellowhammer State Alabama
32%
Treasure State Montana
28%
Old North State North Carolina
22%
No matching quizzes found
Score Distribution
Percent of People with Each Score
Percentile by Number Answered
Your Score History
You have not taken this quiz